Environmental assessment, direct effect and old mineral workings (Record no. 74227)
[ view plain ]
| 000 -LEADER | |
|---|---|
| fixed length control field | 01402cab a2200241 4500 |
| 001 - CONTROL NUMBER | |
| control field | ABS67537 |
| 008 - FIXED-LENGTH DATA ELEMENTS--GENERAL INFORMATION | |
| fixed length control field | 040303n2003 000 0 eng u |
| 035 ## - SYSTEM CONTROL NUMBER | |
| System control number | (Sirsi) u125319 |
| 100 ## - MAIN ENTRY--PERSONAL NAME | |
| Personal name | Macrory, R. |
| 245 ## - TITLE STATEMENT | |
| Title | Environmental assessment, direct effect and old mineral workings |
| 260 ## - PUBLICATION, DISTRIBUTION, ETC. | |
| Date of publication, distribution, etc. | 2003 |
| 490 ## - SERIES STATEMENT | |
| Series statement | ENDS Report |
| Volume/sequential designation | (348) January 2004, 44-45(2) |
| 520 ## - SUMMARY, ETC. | |
| Summary, etc. | The decision in "R v SOS Transport ex p Wells (C-201/02)" reinforces the legal significance of the EU Directive on environmental assessment (Directive 85/337/EEC). The European Court of Justice has held that the assessment procedures clearly apply to former minerals permissions reactivated under later UK legislation. The Court's confirmation that the Directive may be invoked by individuals before national courts and its consideration of what does and does not amount to a consent under the procedures are likely to have ramifications beyond the field of quarrying. View judgment at http://europa.en.int. |
| 590 ## - LOCAL NOTE (RLIN) | |
| Local note | ABS |
| 650 ## - SUBJECT ADDED ENTRY--TOPICAL TERM | |
| Topical term or geographic name entry element | R V SOS TRANSPORT EX P WELLS |
| 650 ## - SUBJECT ADDED ENTRY--TOPICAL TERM | |
| Topical term or geographic name entry element | DIRECTIVE 85/337/EEC |
| 650 ## - SUBJECT ADDED ENTRY--TOPICAL TERM | |
| Topical term or geographic name entry element | QUARRYING |
| 650 ## - SUBJECT ADDED ENTRY--TOPICAL TERM | |
| Topical term or geographic name entry element | MINERAL WORKINGS |
| 650 ## - SUBJECT ADDED ENTRY--TOPICAL TERM | |
| Topical term or geographic name entry element | ENVIRONMENTAL ASSESSMENT |
| 690 ## - LOCAL SUBJECT ADDED ENTRY--TOPICAL TERM (OCLC, RLIN) | |
| Topical term or geographic name as entry element | MINING AND MINERALS |
| 856 ## - ELECTRONIC LOCATION AND ACCESS | |
| Uniform Resource Identifier | <a href="https://europa.eu.int/smartapi/cgi/sga_doc?smartapi!celexapi!prod!CELEXnumdoc&lg=EN&numdoc=62002J0201&model=guichett">https://europa.eu.int/smartapi/cgi/sga_doc?smartapi!celexapi!prod!CELEXnumdoc&lg=EN&numdoc=62002J0201&model=guichett</a> |
| Public note | View judgment on the Europa website... |
| 942 ## - ADDED ENTRY ELEMENTS (KOHA) | |
| Suppress in OPAC | 0 |
| Withdrawn status | Lost status | Source of classification or shelving scheme | Damaged status | Not for loan | Home library | Current library | Shelving location | Date acquired | Total Checkouts | Full call number | Barcode | Date last seen | Copy number | Price effective from | Koha item type |
|---|---|---|---|---|---|---|---|---|---|---|---|---|---|---|---|
| Dewey Decimal Classification | London | London | Journal article | 03/03/2004 | ABS67537 | 125319-1001 | 06/08/2019 | 1 | 06/08/2019 | Journal article |